| 000 | 00905cam a2200289 i 4500 | ||
|---|---|---|---|
| 999 |
_c7454 _d7454 |
||
| 001 | 7454 | ||
| 003 | BD-JhCC | ||
| 005 | 20180210170305.0 | ||
| 008 | 790524r19791972nyuab b 001 0 eng | ||
| 020 | _a0517179415 | ||
| 035 | _a(BD-JhCC)7454 | ||
| 040 |
_aDLC _cDLC _dDLC _dBD-JhCC |
||
| 041 | _aeng | ||
| 050 | 1 | 0 |
_aCB63 _b.T6433 1979 |
| 082 | 0 | 0 |
_a909 _bTOY 1979 |
| 100 | 1 |
_aToynbee, Arnold, _d1889-1975. |
|
| 245 | 1 | 2 |
_aA study of history 5 : _bthe disintegrations of civilizations, part one / _cArnold Toynbee. |
| 250 | _aA new ed. | ||
| 260 |
_aNew York : _bWeathervane Books : distributed by Crown Publishers, _c[1979] c1972. |
||
| 300 |
_a576 p. : _bill. (some col.), maps ; _c38 cm. |
||
| 504 | _aIncludes bibliographical references and index. | ||
| 650 | 0 | _aCivilization. | |
| 650 | 0 |
_aHistory _xPhilosophy. |
|
| 650 | 0 |
_aHistorical geography _vMaps. |
|
| 942 |
_2ddc _cBK |
||